000 00342cam a2200157ua 4500
001 2072
008 131125n II |||gr||||Z||||||asm
040 _aMAIN
041 _aEnglish
082 _a028.7 DAS
100 _aDAS , AMIYA KR.
245 _aMUR SATYA ANNESHANAR KAHINI
300 _c20CM.
653 _aReference Books
942 _cBK
999 _c2066
_d2066